000
00220 a2200097 4500
001
31354
100
_a
Halpine, Charles G
245
_a
Pilot's Meterology
260
_a
N.Y
_b
D Van Nostrand
_c
1941
090
_c
21246
_d
21246
942
_a
NUST-CAE
_c
M
_c
12499
999
_c
266427
_d
266427